Sports Quiz

Random Sports or NFL Quiz

Big 4 sports champs of the 1990s Quiz Stats

 Plays Quiz not verified by Sporcle

Score 0/39 Timer 10:00
5 Plays Today
% Correct
Bulls 4 - Suns 2
98.6%
Bulls 4 - Trail Blazers 2
98.3%
Bulls 4 - Jazz 2
98.2%
Bulls 4 - SuperSonics 2
98.1%
Bulls 4 - Jazz 2
97.2%
Bills 13 - Cowboys 30
95.3%
Bills 17 - Cowboys 52
95.1%
Bulls 4 - Lakers 1
95.1%
Yankees 4 - Padres 0
95%
Red Wings 4 - Capitals 0
94.9%
Knicks 1 - Spurs 4
94.9%
Broncos 34 - Falcons 19
94.3%
Bills 19 - Giants 20
94.2%
Chargers 26 - 49ers 49
94.1%
Pistons 4 - Trail Blazers 1
94.1%
Yankees 4 - Braves 0
93.9%
Magic 0 - Rockets 4
93.9%
Knicks 3 - Rockets 4
92.8%
North Stars 2 - Penguins 4
92.6%
Bills 24 - Redskins 37
92.6%
% Correct
Canucks 3 - Rangers 4
92.3%
Red Wings 4 - Flyers 0
91.9%
Rams 23 - Titans 16
90.4%
Indians 2 - Braves 4
88.8%
Yankees 4 - Braves 2
88.7%
Blue Jays 4 - Phillies 2
88.4%
Patriots 21 - Packers 35
87.7%
Blackhawks 0 - Penguins 4
87.4%
Avalanche 4 - Panthers 0
87.3%
Indians 3 - Marlins 4
86.1%
Blue Jays 4 - Braves 2
83.6%
Broncos 31 - Packers 24
83.4%
Stars 4 - Sabres 2
82.8%
Oilers 4 - Bruins 1
82.6%
Steelers 17 - Cowboys 27
82%
Twins 4 - Braves 3
77.4%
Kings 1 - Canadiens 4
72.2%
Athletics 0 - Reds 4
69.5%
Red Wings 0 - Devils 4
56.5%

You're not logged in!

Compare scores with friends on all Sporcle quizzes.
OR
Log In

Show Comments

Extras

Top Quizzes Today


Score Distribution

Your Account Isn't Verified!

In order to create a playlist on Sporcle, you need to verify the email address you used during registration. Go to your Sporcle Settings to finish the process.

Report this User

Report this user for behavior that violates our Community Guidelines.

Details: